Statistiques concernant Quiz sur la Colombie-Britannique

Cliquez ici pour prendre le quiz!

Statistiques générales

  • Ce quiz a été pris 1 076 fois
  • Le résultat moyen est 11 sur 22

Statistiques - réponses

QuestionRéponse% Correct
Langue officielleAnglais
95%
Ville la plus peupléeVancouver
89%
Océan bordant la Colombie-Britannique, à l'ouestOcéan Pacifique
88%
Que sont le Séquoia et le Thuya Géant ?Des arbres
73%
↳ Année où celle-ci a accueilli les Jeux Olympiques d'hiver2010
64%
État américain qui partage une frontière avec la Colombie-Britannique au nord-ouestAlaska
64%
Chaîne de Montagnes située à l'est de la provinceMontagnes Rocheuses
64%
Subdivisions canadiennes bordant la Colombie-BritanniqueAlberta
59%
Subdivisions canadiennes bordant la Colombie-BritanniqueYukon
57%
Pays d'origine du neuvième de la population totaleChine
56%
CapitaleVictoria
55%
Animal emblématiqueOurs Kermode
52%
Organisation environnementale d'origine britanno-colombienne, présente dans plus de 55 paysGreenpeace
51%
Subdivisions canadiennes bordant la Colombie-BritanniqueTerritoires du Nord-Ouest
50%
Mammifère marin très présent sur les côtes de la Colombie-BritanniqueOrque
45%
Acteur de "Deadpool"Ryan Reynolds
44%
Seule équipe britanno-colombienne de la LNHCanucks de Vancouver
28%
Station de ski la plus célèbreWhistler
25%
Ancien nom de la province, en raison du fleuve portant le même nom qui coule jusque dans l'état américain de l'OregonColumbia
19%
Deuxième ville la plus peupléeSurrey
17%
Plus long fleuveFleuve {Fraser}
16%
Chanteur jazz britanno-colombien qui a vendu plus de 60 millions d'albumsMichael Bublé
14%

Distribution des résultats

Percentile par nombre de réponses

% des personnes avec chaque résultat

Votre développement - résultats

Vous n’avez pas pris ce quiz